[Event "Krapina op 11th"]
[Site "Krapina"]
[Date "2023.01.15"]
[Round "7"]
[White "Kodric, Gasper"]
[Black "Bockaj, Ivan"]
[Result "1-0"]
[WhiteElo "2020"]
[BlackElo "1879"]
[PlyCount "55"]
[EventDate "2023.01.13"]
[EventType "swiss"]
[EventRounds "7"]
[EventCountry "CRO"]
[SourceTitle "CBM 212 Extra"]
[Source "ChessBase"]
[SourceDate "2023.03.31"]
[SourceVersion "1"]
[SourceVersionDate "2023.03.31"]
[SourceQuality "1"]

1. c4 c6 2. Nf3 d5 3. d4 e6 4. g3 Bd6 5. b3 Nf6 6. Bg2 Bb4+ 7. Bd2 Bd6 8. 0-0 0-0 9. Qc2 Ne4 10. Nc3 f5 11. Bf4 Bxf4 12. gxf4 Nd7 13. e3 Qe7 14. Ne5 Rf6 15. Nxe4 fxe4 16. f3 exf3 17. Rxf3 Rh6 18. Rg3 Nf6 19. Bf3 Kh8 20. Kh1 Bd7 21. Rag1 Rg8 22. Rg5 Be8 23. c5 Bh5 24. Bxh5 Rxh5 25. Qg6 hxg6 26. Nxg6+ Kh7 27. Nxe7 Rxg5 28. fxg5 1-0

[Event "CRO Topla Voda Cup"]
[Site "Tuhovec"]
[Date "2022.08.06"]
[Round "4.4"]
[White "Bockaj, Ivan"]
[Black "Hanjs, Vladimir"]
[Result "1-0"]
[WhiteElo "1841"]
[BlackElo "1679"]
[PlyCount "85"]
[EventDate "2022.08.06"]
[EventType "team-tourn (blitz)"]
[EventRounds "11"]
[EventCountry "CRO"]
[SourceTitle "CBM 209 Extra"]
[Source "ChessBase"]
[SourceDate "2022.09.30"]
[SourceVersion "1"]
[SourceVersionDate "2022.09.30"]
[SourceQuality "1"]
[WhiteTeam "Mace Gaj CC"]
[BlackTeam "Varazdin"]
[WhiteTeamCountry "CRO"]
[BlackTeamCountry "CRO"]

1. d4 d5 2. Nf3 Nf6 3. e3 e6 4. Bd3 Bd6 5. b3 0-0 6. 0-0 Nbd7 7. Bb2 Re8 8. Ne5 c5 9. Nd2 a6 10. a4 b6 11. f4 Qc7 12. Ndf3 Bb7 13. Nxd7 Qxd7 14. Ne5 Qc7 15. Rf3 Ne4 16. Qe2 f6 17. Ng4 Rac8 18. Nf2 c4 19. Bxe4 dxe4 20. Rh3 cxb3 21. Qh5 g6 22. Qh4 bxc2 23. Rc1 Qf7 24. Ng4 Kf8 25. Qxh7 Qxh7 26. Rxh7 Bd5 27. Nxf6 Red8 28. Rh8+ Kf7 29. Rxd8 Rxd8 30. Nxd5 exd5 31. Rxc2 Ke7 32. Rc6 Rb8 33. g4 Kd7 34. Rc2 b5 35. axb5 Rxb5 36. h4 a5 37. h5 gxh5 38. gxh5 Rb8 39. h6 Rh8 40. Rh2 Rh7 41. Kf1 Bf8 42. Rh5 Rxh6 43. Rxd5+ 1-0

[Event "CRO Topla Voda Cup"]
[Site "Tuhovec"]
[Date "2022.08.06"]
[Round "3.4"]
[White "Vidovic, Denis"]
[Black "Bockaj, Ivan"]
[Result "1/2-1/2"]
[WhiteElo "1950"]
[BlackElo "1841"]
[PlyCount "113"]
[EventDate "2022.08.06"]
[EventType "team-tourn (blitz)"]
[EventRounds "11"]
[EventCountry "CRO"]
[SourceTitle "CBM 209 Extra"]
[Source "ChessBase"]
[SourceDate "2022.09.30"]
[SourceVersion "1"]
[SourceVersionDate "2022.09.30"]
[SourceQuality "1"]
[WhiteTeam "Strigova Stridon"]
[BlackTeam "Mace Gaj CC"]
[WhiteTeamCountry "CRO"]
[BlackTeamCountry "CRO"]

1. e4 c6 2. d4 d5 3. e5 Bf5 4. f4 e6 5. Nf3 Nd7 6. Bd3 Nh6 7. 0-0 Be7 8. c3 0-0 9. Be3 Rc8 10. h3 c5 11. g4 Bxd3 12. Qxd3 Qb6 13. Rf2 f6 14. b3 fxe5 15. fxe5 cxd4 16. cxd4 Qc6 17. Nbd2 Qc3 18. Qxc3 Rxc3 19. Bxh6 gxh6 20. Kg2 Rfc8 21. Nf1 Bg5 22. h4 Be3 23. Re2 Rc2 24. Rae1 Bf4 25. Ng3 Bxg3 26. Kxg3 Nf8 27. h5 Nd7 28. g5 Kg7 29. Kg4 R2c3 30. Re3 Rxe3 31. Rxe3 Rc2 32. a4 a5 33. Kh4 Nf8 34. gxh6+ Kxh6 35. Rd3 Kg7 36. Ng5 h6 37. Nh3 Nh7 38. Rg3+ Kf7 39. Rf3+ Ke7 40. Rg3 Kf7 41. Rf3+ Kg7 42. Nf4 Nf8 43. Rg3+ Kf7 44. Rd3 Rf2 45. Kg3 Rf1 46. Rf3 Rxf3+ 47. Kxf3 Nh7 48. Nh3 Nf8 49. Kg4 Nd7 50. Nf4 Nb8 51. Nd3 Na6 52. Kf4 b6 53. Ke3 Ke7 54. Kd2 Nc7 55. Kc3 Ne8 56. b4 Ng7 57. Nf4 1/2-1/2

[Event "CRO Topla Voda Cup"]
[Site "Tuhovec"]
[Date "2022.08.06"]
[Round "11.4"]
[White "Zadravec, Matija"]
[Black "Bockaj, Ivan"]
[Result "1-0"]
[WhiteElo "2239"]
[BlackElo "1841"]
[PlyCount "67"]
[EventDate "2022.08.06"]
[EventType "team-tourn (blitz)"]
[EventRounds "11"]
[EventCountry "CRO"]
[SourceTitle "CBM 209 Extra"]
[Source "ChessBase"]
[SourceDate "2022.09.30"]
[SourceVersion "1"]
[SourceVersionDate "2022.09.30"]
[SourceQuality "1"]
[WhiteTeam "Mihovljan Sloboda"]
[BlackTeam "Mace Gaj CC"]
[WhiteTeamCountry "CRO"]
[BlackTeamCountry "CRO"]

1. e4 c6 2. d4 d5 3. exd5 cxd5 4. Bf4 Nc6 5. c3 g6 6. Nf3 Bg7 7. Nbd2 Nf6 8. Be2 0-0 9. h3 a6 10. a4 Bf5 11. 0-0 Rc8 12. Qb3 b6 13. Bxa6 Ra8 14. Bb5 Na5 15. Qa3 Ne4 16. Rfe1 Ra7 17. b4 Nb7 18. Nxe4 dxe4 19. Ne5 Bxe5 20. Bxe5 h5 21. Bc6 Nd6 22. Bxd6 Qxd6 23. Bxe4 Be6 24. d5 Bd7 25. a5 Rfa8 26. c4 bxa5 27. b5 Rc8 28. Qe3 Raa8 29. Bd3 a4 30. Qxe7 Qc7 31. d6 Qa7 32. b6 Qb7 33. Be4 Bc6 34. Qxb7 1-0

[Event "Krapina-ch 8th "]
[Site "Krapina"]
[Date "2018.01.18"]
[Round "1"]
[White "Bockaj, Ivan"]
[Black "Putar, Lara"]
[Result "1-0"]
[WhiteElo "1879"]
[BlackElo "1473"]
[PlyCount "121"]
[EventDate "2018.01.18"]
[EventType "swiss"]
[EventRounds "7"]
[EventCountry "CRO"]
[SourceTitle "EXT 2019"]
[Source "ChessBase"]
[SourceDate "2018.10.10"]
[SourceVersion "1"]
[SourceVersionDate "2018.10.10"]
[SourceQuality "1"]

1. d4 d5 2. Nf3 Nf6 3. Bf4 Bf5 4. e3 Nbd7 5. Ne5 g6 6. Bd3 Be4 7. f3 Bxd3 8. Nxd3 Bg7 9. Nc3 a6 10. Qd2 e6 11. Bg5 b6 12. Ne5 c5 13. Qf2 Qc7 14. Nxd7 Qxd7 15. h4 cxd4 16. exd4 Qd6 17. 0-0-0 h5 18. g3 Rc8 19. Kb1 a5 20. Qe2 0-0 21. g4 Qb4 22. a3 Qc4 23. Rhg1 Nh7 24. Be3 Rc6 25. gxh5 Kh8 26. hxg6 fxg6 27. f4 Qxe2 28. Nxe2 Bf6 29. Rxg6 Bxh4 30. Rh1 Bf6 31. Rgh6 Rf7 32. Nc1 Kg8 33. Nd3 Rcc7 34. c3 Rg7 35. Ne5 Rg3 36. Bc1 Rcg7 37. a4 Rg1 38. Rxg1 Rxg1 39. Nd7 Kg7 40. Rxh7+ Kxh7 41. Nxf6+ Kg7 42. Nd7 Kf7 43. Nxb6 Ke7 44. Kc2 Kd6 45. b4 axb4 46. cxb4 Kc6 47. a5 Kb5 48. Bd2 Rg3 49. Nd7 Rg6 50. Nc5 Kc6 51. a6 Kb6 52. Kb3 Rg2 53. Bc3 Re2 54. b5 Re3 55. Kb4 Re2 56. Na4+ Ka7 57. Ka5 Rf2 58. Bb4 Rxf4 59. Bc5+ Ka8 60. b6 Rf7 61. b7+ 1-0

[Event "Krapina op 7th"]
[Site "Krapina"]
[Date "2017.01.14"]
[Round "5"]
[White "Klement, Dubravko"]
[Black "Bockaj, Ivan"]
[Result "0-1"]
[WhiteElo "1919"]
[BlackElo "1912"]
[PlyCount "102"]
[EventDate "2017.01.12"]
[EventType "swiss"]
[EventRounds "7"]
[EventCountry "CRO"]
[SourceTitle "CBM 176 Extra"]
[Source "ChessBase"]
[SourceDate "2017.03.02"]
[SourceVersion "1"]
[SourceVersionDate "2017.03.02"]
[SourceQuality "1"]

1. d4 d5 2. Nf3 Nf6 3. Bf4 c6 4. Nbd2 Bf5 5. e3 e6 6. h3 Bd6 7. Bxd6 Qxd6 8. Nh4 Bg6 9. Nxg6 hxg6 10. Bd3 Nbd7 11. c3 0-0 12. 0-0 Rac8 13. Nf3 c5 14. Rc1 c4 15. Bb1 Rc6 16. Qe2 b5 17. Rfd1 a5 18. a3 Rb8 19. Ng5 b4 20. axb4 axb4 21. e4 Qf4 22. Qd2 Qxd2 23. Rxd2 bxc3 24. bxc3 Rcb6 25. Bc2 Rb2 26. e5 Nh7 27. Nxh7 Kxh7 28. Ra1 R8b7 29. Kf1 Kh6 30. Ke1 g5 31. g3 f6 32. Ra6 R2b6 33. Ra8 Nb8 34. f4 gxf4 35. gxf4 f5 36. Ra2 Nd7 37. Rg2 Nf8 38. Ra8 Ng6 39. Kf2 Rb8 40. Rxb8 Rxb8 41. Kg3 Rb2 42. h4 Ra2 43. h5 Nf8 44. Rf2 Ra3 45. Rf3 Kxh5 46. Re3 g5 47. Bxf5 exf5 48. e6 Nxe6 49. Rxe6 Rxc3+ 50. Kf2 Rd3 51. fxg5 Kxg5 0-1

[Event "Krapina op 7th"]
[Site "Krapina"]
[Date "2017.01.13"]
[Round "3"]
[White "Starcevic, Ante Leon"]
[Black "Bockaj, Ivan"]
[Result "1/2-1/2"]
[WhiteElo "2114"]
[BlackElo "1912"]
[PlyCount "68"]
[EventDate "2017.01.12"]
[EventType "swiss"]
[EventRounds "7"]
[EventCountry "CRO"]
[SourceTitle "CBM 176 Extra"]
[Source "ChessBase"]
[SourceDate "2017.03.02"]
[SourceVersion "1"]
[SourceVersionDate "2017.03.02"]
[SourceQuality "1"]

1. c4 c6 2. e4 d5 3. exd5 cxd5 4. cxd5 Nf6 5. Bb5+ Bd7 6. Bc4 g6 7. Nf3 Qc7 8. Qb3 Ne4 9. Nc3 Nc5 10. Qc2 Bg7 11. 0-0 0-0 12. d4 Nca6 13. Qe2 Bg4 14. Bxa6 Nxa6 15. Be3 Qd7 16. h3 Bxf3 17. Qxf3 Nb4 18. a3 Na6 19. Rfe1 b6 20. Rad1 Nc7 21. Bg5 Rfe8 22. Bf4 Nb5 23. Be5 Nd6 24. Bxd6 Qxd6 25. Re3 Rad8 26. Re4 a6 27. Rde1 Rd7 28. g4 g5 29. Qf5 h6 30. Kg2 Red8 31. Qf3 Bf6 32. Qf5 Rc7 33. R1e3 Rc4 34. Rd3 b5 1/2-1/2

[Event "Krapina op 6th"]
[Site "Krapina"]
[Date "2016.01.22"]
[Round "3"]
[White "Bockaj, Ivan"]
[Black "Amon, Nejc"]
[Result "0-1"]
[WhiteElo "1685"]
[BlackElo "2119"]
[PlyCount "50"]
[EventDate "2016.01.21"]
[EventType "swiss"]
[EventRounds "7"]
[EventCountry "CRO"]
[SourceTitle "CBM 170 Extra"]
[Source "ChessBase"]
[SourceDate "2016.02.25"]
[SourceVersion "1"]
[SourceVersionDate "2016.02.25"]
[SourceQuality "1"]

1. d4 Nf6 2. c4 e6 3. Nc3 Bb4 4. Nf3 0-0 5. g3 d5 6. Qb3 c5 7. dxc5 Bxc5 8. cxd5 exd5 9. Bg5 Be6 10. Qc2 h6 11. Bxf6 Qxf6 12. Bg2 Nd7 13. 0-0 Rac8 14. Qd1 Nb6 15. Ne1 Bd4 16. Na4 Nc4 17. Rb1 b5 18. Nc3 Bxc3 19. bxc3 Qxc3 20. Nf3 a6 21. Qb3 Na3 22. Rbd1 d4 23. Qxc3 dxc3 24. Nd4 Rfd8 25. Be4 c2 0-1

[Event "CRO-chT3 Center-A"]
[Site "Zagreb"]
[Date "2011.04.03"]
[Round "4.56"]
[White "Bockaj, Ivan"]
[Black "Kruljac, Petra"]
[Result "0-1"]
[WhiteElo "1953"]
[BlackElo "2073"]
[PlyCount "66"]
[EventDate "2011.03.13"]
[EventType "team-tourn"]
[EventRounds "11"]
[EventCountry "CRO"]
[SourceTitle "EXT 2014"]
[Source "ChessBase"]
[SourceDate "2013.11.20"]
[SourceVersion "1"]
[SourceVersionDate "2013.11.20"]
[SourceQuality "1"]

1. Nf3 d5 2. g3 c6 3. Bg2 Nf6 4. d3 Bg4 5. Nbd2 Nbd7 6. h3 Bh5 7. 0-0 e5 8. e4 Bd6 9. Qe1 0-0 10. Nh4 Bg6 11. a4 a5 12. Nb3 dxe4 13. dxe4 Nc5 14. Nd2 Bc7 15. Nxg6 hxg6 16. b3 Ne6 17. Bb2 Nd4 18. Rc1 Qd7 19. c3 Ne6 20. Nc4 Rfd8 21. Ne3 Nc5 22. Rd1 Qe6 23. Rxd8+ Rxd8 24. Qe2 Qxb3 25. Qc4 Qxc4 26. Nxc4 Nxa4 27. Ba1 b5 28. Ne3 Rd2 29. Rc1 Bb6 30. c4 Ra2 31. Nc2 b4 32. Bxe5 b3 33. Na1 b2 0-1

[Event "CRO-chT3"]
[Site "Zagreb"]
[Date "2009.03.15"]
[Round "3"]
[White "Bockaj, Ivan"]
[Black "Jelecevic, Ivo"]
[Result "0-1"]
[WhiteElo "1960"]
[BlackElo "2123"]
[PlyCount "66"]
[EventDate "2009.03.08"]
[EventType "team-tourn"]
[EventRounds "9"]
[EventCountry "CRO"]
[SourceTitle "EXT 2011"]
[Source "ChessBase"]
[SourceDate "2010.11.26"]
[SourceVersion "1"]
[SourceVersionDate "2010.11.26"]
[SourceQuality "1"]

1. d4 d5 2. c4 c6 3. Nc3 Nf6 4. e3 g6 5. cxd5 cxd5 6. Nf3 Bg7 7. Bd3 0-0 8. 0-0 Nc6 9. a3 Re8 10. Bb5 a6 11. Bxc6 bxc6 12. Ne5 Qc7 13. Na4 Nd7 14. Nxd7 Bxd7 15. Bd2 e5 16. Bc3 e4 17. Rc1 f5 18. f4 exf3 19. Rxf3 Bh6 20. Bd2 f4 21. exf4 Bg4 22. g3 Re4 23. Bc3 Rae8 24. Qd3 Bxf3 25. Qxf3 Bg7 26. Nc5 Bxd4+ 27. Bxd4 Rxd4 28. Nxa6 Qc8 29. Nb4 Rd2 30. Nd3 Ree2 31. Qxd5+ cxd5 32. Rxc8+ Kg7 33. Ne5 Re1# 0-1

[Event "CRO Cup 17th"]
[Site "Sibenik"]
[Date "2008.05.23"]
[Round "3"]
[White "Ostovic, Matija"]
[Black "Bockaj, Ivan"]
[Result "1-0"]
[WhiteElo "1946"]
[BlackElo "2044"]
[PlyCount "53"]
[EventDate "2008.05.21"]
[EventType "swiss"]
[EventRounds "5"]
[EventCountry "CRO"]
[SourceTitle "CBM 124 Extra"]
[Source "ChessBase"]
[SourceDate "2008.07.03"]
[SourceVersion "1"]
[SourceVersionDate "2008.07.03"]
[SourceQuality "1"]

1. e4 c6 2. d4 d5 3. Nc3 dxe4 4. Nxe4 Nd7 5. Nf3 Ngf6 6. Nxf6+ Nxf6 7. Bc4 Bf5 8. 0-0 e6 9. Re1 Be7 10. Ne5 0-0 11. c3 c5 12. Qf3 cxd4 13. Qxb7 Bc5 14. Nc6 Qc8 15. Qb5 Bd6 16. Nxd4 Bg6 17. Rxe6 Rb8 18. Qa4 Bxh2+ 19. Kxh2 Qc7+ 20. Kg1 Ng4 21. g3 fxe6 22. Bxe6+ Kh8 23. Bxg4 Qf7 24. Bf4 Rxb2 25. Qa3 Rfb8 26. Rf1 Rxa2 27. Qc5 1-0